| 000 | 00406pam a2200145a 44500 | ||
|---|---|---|---|
| 008 | 230405s2021 xxu||||| |||| 00| 0 eng d | ||
| 041 | _aENG | ||
| 100 | _aKEPNER R A | ||
| 245 | _aPRINCIPLE OF FARM MACHINERY -THIRD ED | ||
| 250 | _a1 ST Ed. | ||
| 260 |
_aNEW DELHI _bCBS PUBLISHERS & DISTRIBUTORS _c2021 |
||
| 440 | _aBHARATI GRAHAK BHANDAR ,B/4741 ,17/05/2019 | ||
| 700 | _aBARGER E L | ||
| 906 | _a2260 | ||
| 999 |
_c291138 _d291138 |
||